Pinok e Baleote (Registo nº 4490)

Detalhes MARC
000 -Etiqueta do registo
Cabeçalho 00701nam0a2200265 4500
005 - Identificador da versão
Campo de controlo 20240813122103.0
010 ## - Número internacional normalizado dos livros (ISBN)
Número (ISBN) 9896140359
021 ## - Número do Depósito Legal
Código do país PT
Número 238654/06
100 ## - Dados gerais de processamento
Dados gerais de processamento 20161027d2008 c y0pory5003 ba
102 ## - Pais de publicação ou produção
País de publicação Portugal
101 0# - Língua de publicação
Língua do texto, banda sonora, etc. Português
215 ## - Descrição física 
Indicação específica da natureza do documento e extensão da espécie 39 p.
Outras indicações físicas il
200 1# - Titulo e menção de responsabilidade
Título próprio Pinok e Baleote
Primeira menção de responsabilidade Miguel Horta
Outras menções de responsabilidade il. Miguel Horta
205 ## - Menção da edição
Menção da edição 1ª ed
210 ## - Publicação, Distribuição, etc. 
Lugar da edição, distribuição, etc. Coimbra
Nome do editor, distribuidor, etc. Pé de Página
Data da publicação, distribuição, etc. 2008
300 ## - Notas gerais 
Texto da nota PNL
606 ## - Nome comum usado como assunto
Número de registo de entrada de autoridade 0001335
Palavra de ordem Literatura portuguesa
Subdivisão de assunto Conto
Código do sistema CA
675 ## - Classificação Decimal Universal (CDU)
Notação 821.134.3-34
Edição 3ª ed.
Língua da edição por
702 #1 - Nome de autor-pessoa física (responsabilidade secundária)
Número de registo de entrada de autoridade 0000222
Palavra de ordem Horta
Outra parte do nome não tomada para palavra de ordem Miguel
Código de função Ilustrador / Técnico de desenho computorizado
700 #1 - Nome de autor-pessoa física (responsabilidade principal)
Número de registo de entrada de autoridade 0000222
Palavra de ordem Horta
Outra parte do nome não tomada para palavra de ordem Miguel
966 ## - Identificação da Biblioteca
Sigla EBVEN
942 ## - Elementos de entrada adicionados (Koha)
Tipo de item no Koha Livro
Exemplares
Situação do levantamento Origin of item (home branch) (coded) Biblioteca de empréstimo Código de barras Cota Circulation type (not for loan) Tipo de documento Nota do exemplar Damaged status
  Biblioteca Escolar das Vendas Biblioteca Escolar das Vendas BEV1717 8POR HOR PNL   Livro Sem mensagem  
  Biblioteca Escolar das Vendas Biblioteca Escolar das Vendas BEV1716 8POR HOR PNL   Livro Sem mensagem  
  Biblioteca Escolar das Vendas Biblioteca Escolar das Vendas BEV1718 8POR HOR PNL   Livro Sem mensagem  
  Biblioteca Escolar das Vendas Biblioteca Escolar das Vendas BEV1719 8POR HOR PNL   Livro Sem mensagem  
  Biblioteca Escolar das Vendas Biblioteca Escolar das Vendas BEV2133 8POR HOR PNL   Livro Sem mensagem  
  Biblioteca Escolar das Vendas Biblioteca Escolar das Vendas BEV2132 8POR HOR PNL   Livro Sem mensagem  
  Biblioteca Escolar das Vendas Biblioteca Escolar das Vendas BEV1715 8POR HOR PNL   Livro Sem mensagem